000 00737 a2200193 4500
001 62852
005 20260407155922.0
008 260407a1982 arg spa d
003 AR-UNSa-BCEJYS
040 _aAR-UNSa-BCEJYS
_bspa
_cAR-UNSa-BCEJYS
080 _a339.92
_xCooperación económica internacional. Integración económica internacional
245 1 0 _aEl tratamiento preferencial a Bolivia y Ecuador en la ALALC
_pAnálisis crítico y evaluación de resultados
264 1 _aBuenos Aires :
_bBID-INTAL
_c1982
300 _a118 p.
_c28 cm.
041 _aspa
942 _cBK
590 _aniveau_biblio:m niveau_hierar:0
100 1 _aBanco Interamericano de Desarrollo. Instituto para la Integración de América Latina (BID-INTAL)
999 _c7847
_d7847